[Event "Titled Tuesday intern op 20th Feb Late"]
[Site "Chess.com INT"]
[Date "2024.02.20"]
[Round "2"]
[White "Contreras Torres, Javier"]
[Black "Rekhson, Vladislav"]
[Result "0-1"]
[WhiteElo "2296"]
[BlackElo "2023"]
[PlyCount "100"]
[EventDate "2024.02.20"]
[EventType "swiss (blitz)"]
[EventRounds "11"]
[EventCountry "USA"]
[SourceTitle "EXT 2025"]
[Source "ChessBase"]
[SourceDate "2024.10.14"]
[SourceVersion "1"]
[SourceVersionDate "2024.10.14"]
[SourceQuality "1"]

1. e4 c5 2. Nf3 a6 3. d4 cxd4 4. Nxd4 Nf6 5. Nc3 e5 6. Nb3 Bb4 7. Bd3 d5 8. exd5 Nxd5 9. Bd2 Nxc3 10. bxc3 Bd6 11. 0-0 Qh4 12. Qf3 0-0 13. Qe4 Qxe4 14. Bxe4 Nc6 15. Rad1 Be6 16. Be3 Be7 17. a4 Rac8 18. Nc5 Bxc5 19. Bxc5 Rfd8 20. Bb6 Rxd1 21. Rxd1 f5 22. Bd5 Kf7 23. c4 Kf6 24. c3 g5 25. Bxe6 Kxe6 26. c5 Re8 27. Rd6+ Kf7 28. Kf1 Re6 29. Rd7+ Re7 30. Rd6 e4 31. Ke2 Ne5 32. Rh6 Kg7 33. Rd6 f4 34. Rd8 Nc4 35. h3 h5 36. a5 g4 37. hxg4 hxg4 38. Rb8 f3+ 39. gxf3 exf3+ 40. Kd3 g3 41. Kxc4 gxf2 42. c6 f1Q+ 43. Kb4 Qb5+ 44. Ka3 Qxc6 45. Bd4+ Kf7 46. Rh8 f2 47. Rh7+ Ke8 48. Rh8+ Kd7 49. Rf8 Re2 50. Rf7+ Ke8 0-1

[Event "Canadian op"]
[Site "Calgary"]
[Date "2023.07.27"]
[Round "7"]
[White "Rekhson, Vladislav"]
[Black "MacLeod, Damon"]
[Result "1-0"]
[WhiteElo "2069"]
[BlackElo "1897"]
[PlyCount "55"]
[EventDate "2023.07.22"]
[EventType "swiss"]
[EventRounds "10"]
[EventCountry "CAN"]
[SourceTitle "EXT 2024"]
[Source "ChessBase"]
[SourceDate "2023.10.10"]
[SourceVersion "1"]
[SourceVersionDate "2023.10.10"]
[SourceQuality "1"]

1. e4 c5 2. c3 Nf6 3. e5 Nd5 4. Nf3 Nc6 5. Bc4 Nb6 6. Bb3 d5 7. exd6 Qxd6 8. 0-0 c4 9. Bc2 Bg4 10. Re1 Qf6 11. Be4 0-0-0 12. Qe2 g6 13. b3 Bg7 14. bxc4 Bxf3 15. Bxf3 Ne5 16. Bg4+ e6 17. c5 Nd5 18. d4 Nxg4 19. Qxg4 h5 20. Qh3 g5 21. Na3 g4 22. Qd3 h4 23. c6 Qe7 24. Rb1 Nb6 25. Nc4 Qc7 26. cxb7+ Kb8 27. Nxb6 axb6 28. Qa6 1-0

[Event "Canadian op"]
[Site "Calgary"]
[Date "2023.07.25"]
[Round "5"]
[White "Rekhson, Vladislav"]
[Black "Darvekar, Yash"]
[Result "1-0"]
[WhiteElo "2069"]
[BlackElo "1701"]
[PlyCount "69"]
[EventDate "2023.07.22"]
[EventType "swiss"]
[EventRounds "10"]
[EventCountry "CAN"]
[SourceTitle "EXT 2024"]
[Source "ChessBase"]
[SourceDate "2023.10.10"]
[SourceVersion "1"]
[SourceVersionDate "2023.10.10"]
[SourceQuality "1"]

1. e4 c5 2. c3 Nf6 3. e5 Nd5 4. Nf3 Nc6 5. Bc4 Nb6 6. Bb3 c4 7. Bc2 d6 8. exd6 e6 9. 0-0 Bxd6 10. b3 0-0 11. Na3 cxb3 12. axb3 Nd5 13. d4 f5 14. c4 Nf6 15. Re1 a6 16. Bb2 Rb8 17. Ng5 Bxh2+ 18. Kf1 Qd6 19. c5 Qd5 20. Bd3 Nd8 21. Bc4 Qc6 22. Qe2 Nd5 23. Qh5 h6 24. Qxh2 hxg5 25. Bxd5 Qxd5 26. Qxb8 Nc6 27. Qg3 f4 28. Qf3 Qf5 29. Qe4 Qg4 30. Rad1 Rf6 31. Qf3 Qf5 32. d5 g4 33. Qe4 Qh5 34. Bxf6 f3 35. gxf3 1-0

[Event "Banff op"]
[Site "Banff"]
[Date "2022.11.13"]
[Round "6"]
[White "Kaufman, Raymond"]
[Black "Rekhson, Vladislav"]
[Result "1-0"]
[WhiteElo "2209"]
[BlackElo "2062"]
[PlyCount "82"]
[EventDate "2022.11.11"]
[EventType "swiss"]
[EventRounds "6"]
[EventCountry "CAN"]
[SourceTitle "CBM 211 Extra"]
[Source "ChessBase"]
[SourceDate "2023.01.31"]
[SourceVersion "1"]
[SourceVersionDate "2023.01.31"]
[SourceQuality "1"]

1. Nf3 c5 2. e4 a6 3. c3 d5 4. exd5 Qxd5 5. d4 e6 6. Bd3 Nc6 7. dxc5 Bxc5 8. Qe2 Nf6 9. 0-0 0-0 10. Bg5 Be7 11. Rd1 Qa5 12. Nbd2 Qc7 13. h4 e5 14. Nc4 h6 15. Bxf6 gxf6 16. Ne3 Re8 17. Nd5 Qd8 18. Bc4 Bf8 19. Qe3 Rb8 20. b4 f5 21. a4 e4 22. b5 Na5 23. Ba2 Be6 24. Nd4 Qxh4 25. g3 Qg5 26. Qxg5+ hxg5 27. Nf6+ Kg7 28. Nxe8+ Rxe8 29. Nxe6+ fxe6 30. Rd7+ Kf6 31. Rad1 e3 32. fxe3 Bc5 33. Rd8 Bxe3+ 34. Kg2 Rxd8 35. Rxd8 axb5 36. axb5 Ke7 37. Rh8 Bd2 38. Rh6 Bxc3 39. Rxe6+ Kd7 40. Rg6 Bd2 41. Kf3 Kc7 1-0

[Event "Titled Tuesday intern op 10th Aug"]
[Site "Chess.com INT"]
[Date "2021.08.10"]
[Round "6"]
[White "Chen, Max"]
[Black "Rekhson, Vladislav"]
[Result "0-1"]
[WhiteElo "1997"]
[BlackElo "2074"]
[PlyCount "86"]
[EventDate "2021.08.10"]
[EventType "swiss (blitz)"]
[EventRounds "11"]
[EventCountry "USA"]
[SourceTitle "CBM 203 Extra"]
[Source "ChessBase"]
[SourceDate "2021.09.30"]
[SourceVersion "1"]
[SourceVersionDate "2021.09.30"]
[SourceQuality "1"]

1. e4 c5 2. Nf3 a6 3. d4 cxd4 4. Nxd4 Nf6 5. Nc3 e5 6. Nb3 Bb4 7. Bd3 d5 8. exd5 Nxd5 9. Bd2 Nxc3 10. bxc3 Bd6 11. 0-0 0-0 12. Be4 Nc6 13. c4 Bc7 14. Qf3 Nd4 15. Qd3 g6 16. Bd5 Bf5 17. Qc3 Ne2+ 18. Kh1 Nxc3 19. Bxc3 Rb8 20. Nc5 Qh4 21. g3 Qh3 22. Rfe1 Bxc2 23. Nxb7 Qc8 24. Nc5 Bb6 25. Ne4 Bxe4+ 26. Rxe4 Bxf2 27. Bxe5 Bc5 28. Rf1 Qd7 29. Rh4 Bd6 30. Bd4 Rbe8 31. Be4 Bxg3 32. hxg3 Qxd4 33. Bxg6 Qxh4+ 34. gxh4 fxg6 35. Rc1 Rf2 36. c5 Rxa2 37. c6 Rc8 38. c7 Rd2 39. Re1 Kf7 40. h5 Rxc7 41. Rg1 Rcc2 42. hxg6+ hxg6 43. Rg2 Rd1+ 0-1

[Event "Titled Tuesday intern op 27th July"]
[Site "Chess.com INT"]
[Date "2021.07.27"]
[Round "9"]
[White "Xie, Bryan"]
[Black "Rekhson, Vladislav"]
[Result "1-0"]
[WhiteElo "2027"]
[BlackElo "2074"]
[PlyCount "115"]
[EventDate "2021.07.27"]
[EventType "swiss (blitz)"]
[EventRounds "11"]
[EventCountry "USA"]
[SourceTitle "CBM 203 Extra"]
[Source "ChessBase"]
[SourceDate "2021.09.30"]
[SourceVersion "1"]
[SourceVersionDate "2021.09.30"]
[SourceQuality "1"]

1. e4 c5 2. Nf3 a6 3. c4 Nc6 4. Nc3 e5 5. d3 d6 6. Be3 h6 7. a3 Nf6 8. Rb1 g6 9. b4 cxb4 10. axb4 Bg7 11. Be2 0-0 12. 0-0 Nd7 13. Nd5 f5 14. Nd2 f4 15. b5 fxe3 16. bxc6 bxc6 17. Nxe3 Nc5 18. Nb3 Ne6 19. Bg4 Nf4 20. d4 Rb8 21. Bxc8 Qxc8 22. d5 cxd5 23. cxd5 Qc3 24. Nd2 Qd3 25. Rxb8 Rxb8 26. Ndc4 Bf8 27. g3 Ne2+ 28. Kg2 Qxd1 29. Rxd1 Nc3 30. Ra1 Nxe4 31. Rxa6 Rb3 32. Rb6 Rxb6 33. Nxb6 Kf7 34. Kf3 Nc3 35. Nbc4 Be7 36. Kg4 h5+ 37. Kf3 e4+ 38. Kg2 Kf6 39. f3 exf3+ 40. Kxf3 Nb5 41. Ke4 Nc3+ 42. Kd4 Ne2+ 43. Ke4 g5 44. Kf3 Nd4+ 45. Ke4 Nb5 46. Nb6 Nc3+ 47. Kd3 Nb5 48. Nd7+ Kg6 49. Kc4 Nc7 50. h3 Bf6 51. g4 Be5 52. Nxe5+ dxe5 53. d6 Ne6 54. Kd5 Kf6 55. gxh5 Nf4+ 56. Kc6 Nxh5 57. d7 Ke7 58. Kc7 1-0

[Event "Titled Tuesday intern op 06th Apr"]
[Site "Chess.com INT"]
[Date "2021.04.06"]
[Round "3"]
[White "Eden, James"]
[Black "Rekhson, Vladislav"]
[Result "1-0"]
[WhiteElo "2294"]
[BlackElo "2074"]
[PlyCount "135"]
[EventDate "2021.04.06"]
[EventType "swiss (blitz)"]
[EventRounds "11"]
[EventCountry "USA"]
[SourceTitle "CBM 201 Extra"]
[Source "ChessBase"]
[SourceDate "2021.05.31"]
[SourceVersion "1"]
[SourceVersionDate "2021.05.31"]
[SourceQuality "1"]

1. e4 c5 2. Nf3 a6 3. c3 e6 4. d4 d5 5. exd5 exd5 6. Bd3 Nf6 7. 0-0 Be7 8. dxc5 Bxc5 9. Nbd2 0-0 10. Nb3 Bd6 11. Nbd4 Ne4 12. Re1 Re8 13. Be3 Nc6 14. Qc2 Bg4 15. h3 Bh5 16. Nxc6 bxc6 17. Nd4 Qd7 18. f3 c5 19. fxe4 cxd4 20. Bxd4 dxe4 21. Bxe4 Bg6 22. Bxg6 hxg6 23. Qf2 Rab8 24. Rad1 Qc7 25. Rxe8+ Rxe8 26. Rd3 Re6 27. Re3 Rxe3 28. Qxe3 Kh7 29. Qe4 f6 30. Qh4+ Kg8 31. Qg4 Kh7 32. h4 Qe7 33. Kf1 f5 34. Qf3 Qxh4 35. Qh3 g5 36. Qxh4+ gxh4 37. c4 g5 38. c5 Bc7 39. b4 Kg6 40. a4 Kf7 41. b5 axb5 42. axb5 Ke6 43. b6 Bb8 44. c6 Kd6 45. c7 Bxc7 46. bxc7 Kxc7 47. Bf6 h3 48. gxh3 Kd6 49. Bxg5 Ke6 50. Kf2 Kf7 51. Kf3 Kg6 52. Kf4 Kh5 53. Bd8 Kg6 54. Be7 Kf7 55. Bh4 Kg6 56. Bd8 Kh5 57. Kxf5 Kh6 58. h4 Kh5 59. Kf4 Kh6 60. Kg4 Kg6 61. h5+ Kh6 62. Bg5+ Kh7 63. h6 Kh8 64. Kh5 Kh7 65. Bf4 Kg8 66. Kg6 Kh8 67. Be5+ Kg8 68. h7+ 1-0

[Event "Titled Tuesday intern op 06th Apr"]
[Site "Chess.com INT"]
[Date "2021.04.06"]
[Round "8"]
[White "Redzisz, Michal"]
[Black "Rekhson, Vladislav"]
[Result "0-1"]
[WhiteElo "2262"]
[BlackElo "2074"]
[PlyCount "76"]
[EventDate "2021.04.06"]
[EventType "swiss (blitz)"]
[EventRounds "11"]
[EventCountry "USA"]
[SourceTitle "CBM 201 Extra"]
[Source "ChessBase"]
[SourceDate "2021.05.31"]
[SourceVersion "1"]
[SourceVersionDate "2021.05.31"]
[SourceQuality "1"]

1. d4 Nf6 2. Bf4 c5 3. e3 d5 4. c3 e6 5. Nd2 Qb6 6. Qb3 Nc6 7. Ngf3 Be7 8. Bd3 c4 9. Qxb6 axb6 10. Bc2 b5 11. Ke2 b4 12. e4 bxc3 13. bxc3 0-0 14. a4 Nd7 15. Rhb1 Na5 16. Rb5 Nf6 17. Bc7 Bd8 18. Bxd8 Rxd8 19. Ne5 Nd7 20. f4 Nxe5 21. fxe5 f6 22. exf6 gxf6 23. Rf1 Kg7 24. exd5 exd5 25. Rb6 Re8+ 26. Kd1 Re6 27. Rb5 Rd6 28. Nf3 Nb3 29. Bxb3 cxb3 30. Rxb3 Rxa4 31. Kc2 Bf5+ 32. Kb2 Rda6 33. Rxb7+ Kf8 34. Ne5 Ra2+ 35. Kb3 Bc2+ 36. Kb4 Rb2+ 37. Kc5 Rxb7 38. Rxf6+ Rxf6 0-1

[Event "Titled Tuesday intern op 29th Dec"]
[Site "Chess.com INT"]
[Date "2020.12.29"]
[Round "3"]
[White "Rekhson, Vladislav"]
[Black "Savanovic, Aleksandar"]
[Result "1-0"]
[WhiteElo "2074"]
[BlackElo "2410"]
[PlyCount "109"]
[EventDate "2020.12.29"]
[EventType "swiss (blitz)"]
[EventRounds "11"]
[EventCountry "USA"]
[SourceTitle "CBM 200 Extra"]
[Source "ChessBase"]
[SourceDate "2021.03.31"]
[SourceVersion "1"]
[SourceVersionDate "2021.03.31"]
[SourceQuality "1"]

1. e4 c5 2. Nf3 d6 3. d4 cxd4 4. Qxd4 Bd7 5. c4 Nc6 6. Qd2 g6 7. Nc3 Bg7 8. b3 Nf6 9. Bb2 0-0 10. Bd3 a6 11. 0-0 Rb8 12. Rfe1 Ng4 13. Rad1 Nge5 14. Be2 b5 15. cxb5 Nxf3+ 16. gxf3 axb5 17. Nxb5 Ne5 18. Nd4 Qb6 19. f4 Bh6 20. Qe3 Ng4 21. Bxg4 Bxg4 22. Rd3 e5 23. Nc2 Qc6 24. Na3 Bxf4 25. Rc3 Qd7 26. Qd3 Bh5 27. Nc4 Qg4+ 28. Kh1 Rfd8 29. Rg1 Qh4 30. Qh3 Qxf2 31. Qxh5 Qxg1+ 32. Kxg1 gxh5 33. Ne3 Rbc8 34. Nd5 Rxc3 35. Bxc3 Ra8 36. a4 f5 37. h3 Kf7 38. exf5 Bc1 39. a5 Bg5 40. b4 Bd8 41. Kf2 Ke8 42. Ke3 Kd7 43. Ke4 Kc6 44. f6 Bxf6 45. Nxf6 Rf8 46. Nd5 Rf1 47. a6 Rf8 48. a7 Ra8 49. b5+ Kb7 50. b6 Rc8 51. Bb4 Rc4+ 52. Kf5 Rd4 53. Ke6 Rxd5 54. Kxd5 e4 55. Kxe4 1-0

[Event "Titled Tuesday intern op 29th Dec"]
[Site "Chess.com INT"]
[Date "2020.12.29"]
[Round "10"]
[White "Tarasova, Viktoriya"]
[Black "Rekhson, Vladislav"]
[Result "1-0"]
[WhiteElo "2226"]
[BlackElo "2074"]
[PlyCount "35"]
[EventDate "2020.12.29"]
[EventType "swiss (blitz)"]
[EventRounds "11"]
[EventCountry "USA"]
[SourceTitle "CBM 200 Extra"]
[Source "ChessBase"]
[SourceDate "2021.03.31"]
[SourceVersion "1"]
[SourceVersionDate "2021.03.31"]
[SourceQuality "1"]

1. d4 Nf6 2. c4 c5 3. d5 b5 4. cxb5 a6 5. bxa6 g6 6. Nc3 Bxa6 7. Nf3 Bg7 8. e4 Bxf1 9. Kxf1 d6 10. g3 Nbd7 11. Kg2 Ng4 12. Qe2 0-0 13. Nd2 Qa5 14. Qxg4 Ne5 15. Qe2 c4 16. f4 Nd3 17. Nxc4 Nxc1 18. Rhxc1 1-0

[Event "Titled Tuesday intern op 10th Nov"]
[Site "Chess.com INT"]
[Date "2020.11.10"]
[Round "3"]
[White "Rekhson, Vladislav"]
[Black "Chan, Kim Yew"]
[Result "0-1"]
[WhiteElo "2074"]
[BlackElo "2303"]
[PlyCount "46"]
[EventDate "2020.11.10"]
[EventType "swiss (blitz)"]
[EventRounds "11"]
[EventCountry "USA"]
[SourceTitle "CBM 199 Extra"]
[Source "ChessBase"]
[SourceDate "2021.01.31"]
[SourceVersion "1"]
[SourceVersionDate "2021.01.31"]
[SourceQuality "1"]

1. e4 c5 2. Nf3 e6 3. c3 Nf6 4. e5 Nd5 5. d4 cxd4 6. cxd4 d6 7. Nc3 Nxc3 8. bxc3 dxe5 9. Nxe5 Nd7 10. Bf4 Be7 11. Bd3 Nxe5 12. Bxe5 Bf6 13. f4 0-0 14. 0-0 b6 15. Qf3 Bd7 16. Be4 Rc8 17. Bb7 Rc4 18. Ba6 b5 19. Rab1 Bxe5 20. fxe5 Qa5 21. Qb7 Bc8 22. Qxb5 Qxa6 23. Rxf7 Rxf7 0-1

[Event "Titled Tuesday intern op 10th Nov"]
[Site "Chess.com INT"]
[Date "2020.11.10"]
[Round "10"]
[White "Rekhson, Vladislav"]
[Black "Polok, Kacper"]
[Result "1/2-1/2"]
[WhiteElo "2074"]
[BlackElo "2272"]
[PlyCount "142"]
[EventDate "2020.11.10"]
[EventType "swiss (blitz)"]
[EventRounds "11"]
[EventCountry "USA"]
[SourceTitle "CBM 199 Extra"]
[Source "ChessBase"]
[SourceDate "2021.01.31"]
[SourceVersion "1"]
[SourceVersionDate "2021.01.31"]
[SourceQuality "1"]

1. e4 g6 2. Nc3 b6 3. Bc4 Bg7 4. d3 Bb7 5. f4 e6 6. Nf3 Ne7 7. Qe2 0-0 8. h4 d5 9. Bb3 a5 10. a3 Na6 11. h5 Nc5 12. Ba2 dxe4 13. Nxe4 Nxe4 14. dxe4 Nc6 15. c3 Ba6 16. Qe3 Qd3 17. Qxd3 Bxd3 18. Bb1 Rfd8 19. Bxd3 Rxd3 20. Ke2 Rad8 21. Be3 a4 22. hxg6 hxg6 23. Rad1 Rxd1 24. Rxd1 Rxd1 25. Kxd1 Na5 26. Nd2 Kf8 27. Kc2 Ke7 28. b4 axb3+ 29. Nxb3 Nxb3 30. Kxb3 Kd6 31. Kc4 Kc6 32. a4 Bf8 33. g4 Ba3 34. f5 gxf5 35. exf5 exf5 36. gxf5 Bd6 37. Bg5 Be5 38. Bh6 Kb7 39. Bd2 c6 40. Kd3 Ka6 41. c4 Bb2 42. Ke4 f6 43. Bb4 Be5 44. Bd2 Kb7 45. Bb4 Bb2 46. c5 Ka6 47. cxb6 Kxb6 48. Bd2 Kc5 49. Be1 Kc4 50. Bd2 Be5 51. Be1 Bc7 52. Bd2 Kb3 53. a5 Kc4 54. a6 Bb6 55. Be3 c5 56. Bg5 Kb5 57. Bxf6 Kxa6 58. Be7 Ba5 59. Kd3 Kb5 60. f6 c4+ 61. Kd4 Bd2 62. f7 Bh6 63. Bg5 Bg7+ 64. Kd5 c3 65. Ke6 c2 66. Bc1 Kc4 67. Ke7 Kb3 68. f8Q Bxf8+ 69. Kxf8 Ka2 70. Ke7 Kb1 71. Be3 c1N 1/2-1/2

[Event "Titled Tuesday intern op 10th Nov"]
[Site "Chess.com INT"]
[Date "2020.11.10"]
[Round "11"]
[White "Serikbay, Assel"]
[Black "Rekhson, Vladislav"]
[Result "1-0"]
[WhiteElo "2247"]
[BlackElo "2074"]
[PlyCount "55"]
[EventDate "2020.11.10"]
[EventType "swiss (blitz)"]
[EventRounds "11"]
[EventCountry "USA"]
[SourceTitle "CBM 199 Extra"]
[Source "ChessBase"]
[SourceDate "2021.01.31"]
[SourceVersion "1"]
[SourceVersionDate "2021.01.31"]
[SourceQuality "1"]

1. e4 c5 2. Nf3 a6 3. d4 cxd4 4. Nxd4 Nf6 5. Nc3 e5 6. Nb3 Bb4 7. Bd3 d5 8. exd5 Nxd5 9. 0-0 Nxc3 10. bxc3 Bxc3 11. Rb1 0-0 12. Nc5 Qc7 13. Ne4 Bd4 14. Qh5 f5 15. Ng5 g6 16. Qh6 Qg7 17. Bc4+ Kh8 18. Qh4 e4 19. Ba3 Rf6 20. Nf7+ Kg8 21. Rfd1 Nc6 22. Nd8+ Kh8 23. Nxc6 bxc6 24. Rxd4 Be6 25. Bxe6 Rxe6 26. Rd8+ Rxd8 27. Qxd8+ Qg8 28. Bb2+ 1-0

[Event "Titled Tuesday intern op 06th Oct"]
[Site "Chess.com INT"]
[Date "2020.10.06"]
[Round "10"]
[White "Ljukin, Sergei"]
[Black "Rekhson, Vladislav"]
[Result "1-0"]
[WhiteElo "2368"]
[BlackElo "2074"]
[PlyCount "35"]
[EventDate "2020.10.06"]
[EventType "swiss (blitz)"]
[EventRounds "10"]
[EventCountry "USA"]
[SourceTitle "CBM 198 Extra"]
[Source "ChessBase"]
[SourceDate "2020.11.30"]
[SourceVersion "1"]
[SourceVersionDate "2020.11.30"]
[SourceQuality "1"]

1. e4 c5 2. Nf3 a6 3. c4 Nc6 4. d4 cxd4 5. Nxd4 Nf6 6. Nc3 e5 7. Nf5 d5 8. cxd5 Bxf5 9. exf5 Nd4 10. Bc4 b5 11. Bb3 Bb4 12. 0-0 Nxb3 13. Qxb3 Bxc3 14. Qxc3 Qxd5 15. Be3 0-0 16. Rfd1 Qe4 17. Qd3 Rfd8 18. Qxd8+ 1-0

[Event "Titled Tuesday intern op 06th Oct"]
[Site "Chess.com INT"]
[Date "2020.10.06"]
[Round "3"]
[White "Plotnikov, Pavel"]
[Black "Rekhson, Vladislav"]
[Result "1-0"]
[WhiteElo "2297"]
[BlackElo "2074"]
[PlyCount "51"]
[EventDate "2020.10.06"]
[EventType "swiss (blitz)"]
[EventRounds "10"]
[EventCountry "USA"]
[SourceTitle "CBM 198 Extra"]
[Source "ChessBase"]
[SourceDate "2020.11.30"]
[SourceVersion "1"]
[SourceVersionDate "2020.11.30"]
[SourceQuality "1"]

1. e4 c5 2. Nf3 a6 3. g3 Nc6 4. Bg2 d6 5. 0-0 Nf6 6. c3 e5 7. Re1 Bg4 8. d3 Be7 9. Nbd2 0-0 10. h3 Bh5 11. Qc2 Rc8 12. a4 b5 13. axb5 axb5 14. Nh4 Bg6 15. Nf5 Bxf5 16. exf5 d5 17. Nf3 e4 18. dxe4 dxe4 19. Ng5 Qd7 20. Nxe4 Qxf5 21. Nxf6+ Qxf6 22. h4 Rfd8 23. Bg5 Qd6 24. Bf4 Qf6 25. Bxc6 Rxc6 26. Bg5 1-0

[Event "Titled Tuesday intern op 18th Aug"]
[Site "Chess.com INT"]
[Date "2020.08.18"]
[Round "5"]
[White "Hoffmann, Asa"]
[Black "Rekhson, Vladislav"]
[Result "1-0"]
[WhiteElo "2185"]
[BlackElo "2074"]
[PlyCount "29"]
[EventDate "2020.08.18"]
[EventType "swiss (blitz)"]
[EventRounds "10"]
[EventCountry "USA"]
[SourceTitle "CBM 197 Extra"]
[Source "ChessBase"]
[SourceDate "2020.09.30"]
[SourceVersion "1"]
[SourceVersionDate "2020.09.30"]
[SourceQuality "1"]

1. d4 Nf6 2. Bg5 Ne4 3. Bf4 c5 4. f3 Nf6 5. dxc5 Qa5+ 6. Nc3 e6 7. e4 Nc6 8. a3 a6 9. b4 Qd8 10. Bc4 b6 11. Bd6 bxc5 12. bxc5 Qa5 13. Nge2 Ne5 14. Bxe5 Qxc5 15. Qd4 1-0

[Event "Titled Tuesday intern op 18th Aug"]
[Site "Chess.com INT"]
[Date "2020.08.18"]
[Round "2"]
[White "Rastbod, Ali"]
[Black "Rekhson, Vladislav"]
[Result "1-0"]
[WhiteElo "2321"]
[BlackElo "2074"]
[PlyCount "99"]
[EventDate "2020.08.18"]
[EventType "swiss (blitz)"]
[EventRounds "10"]
[EventCountry "USA"]
[SourceTitle "CBM 197 Extra"]
[Source "ChessBase"]
[SourceDate "2020.09.30"]
[SourceVersion "1"]
[SourceVersionDate "2020.09.30"]
[SourceQuality "1"]

1. c4 Nf6 2. Nf3 g6 3. b3 Bg7 4. Bb2 0-0 5. g3 d6 6. d4 Nbd7 7. Bg2 c5 8. 0-0 Rb8 9. Nc3 a6 10. a4 Qb6 11. a5 Qc7 12. e4 b5 13. axb6 Rxb6 14. e5 dxe5 15. dxe5 Ng4 16. Nd5 Qb8 17. Nxb6 Qxb6 18. Re1 Rd8 19. Qc2 Bb7 20. e6 fxe6 21. Bxg7 Kxg7 22. Qc3+ Kg8 23. Qa5 Rf8 24. Qxb6 Nxb6 25. Rxe6 Nc8 26. Ne1 Bxg2 27. Nxg2 Nxf2 28. Nf4 g5 29. Kxf2 gxf4 30. g4 Rd8 31. Raxa6 Rd2+ 32. Kf3 Rxh2 33. Rac6 Rh3+ 34. Kxf4 Nd6 35. Rxe7 Rd3 36. Rd7 Rd4+ 37. Kf3 Nf7 38. Rxd4 cxd4 39. Ke4 d3 40. Rc8+ Kg7 41. Kxd3 Ne5+ 42. Ke4 Nxg4 43. c5 Nf6+ 44. Kf5 Nd5 45. Ke6 Nb4 46. c6 h5 47. c7 Na6 48. Rg8+ Kxg8 49. c8Q+ Kg7 50. Qxa6 1-0

[Event "Titled Tuesday intern op 11th Aug"]
[Site "Chess.com INT"]
[Date "2020.08.11"]
[Round "10"]
[White "Caceres Vasquez, Sergio"]
[Black "Rekhson, Vladislav"]
[Result "0-1"]
[WhiteElo "2061"]
[BlackElo "2074"]
[PlyCount "68"]
[EventDate "2020.08.11"]
[EventType "swiss (blitz)"]
[EventRounds "10"]
[EventCountry "USA"]
[SourceTitle "CBM 197 Extra"]
[Source "ChessBase"]
[SourceDate "2020.09.30"]
[SourceVersion "1"]
[SourceVersionDate "2020.09.30"]
[SourceQuality "1"]

1. d4 Nf6 2. c4 c5 3. d5 b5 4. cxb5 a6 5. bxa6 g6 6. Nc3 Bxa6 7. e4 Bxf1 8. Kxf1 d6 9. g3 Bg7 10. Kg2 0-0 11. Nf3 Qa5 12. a4 Nbd7 13. Bd2 Qb4 14. Qe2 Ng4 15. Rhb1 Rfb8 16. Nb5 Qb3 17. Ne1 Rxa4 18. Rxa4 Qxa4 19. Nc3 Bxc3 20. Bxc3 Ngf6 21. f3 h5 22. h4 Ne5 23. Nd3 Qc4 24. Nc1 Qxe2+ 25. Nxe2 Nc4 26. Kf2 Nd7 27. f4 f5 28. exf5 gxf5 29. Ng1 Kf7 30. Nf3 Nf6 31. Ng5+ Kg6 32. Bxf6 Kxf6 33. b3 Nd2 34. Re1 Ne4+ 0-1

[Event "Titled Tuesday intern op 11th Aug"]
[Site "Chess.com INT"]
[Date "2020.08.11"]
[Round "2"]
[White "Sadykov, Ramil"]
[Black "Rekhson, Vladislav"]
[Result "1-0"]
[WhiteElo "2345"]
[BlackElo "2074"]
[PlyCount "71"]
[EventDate "2020.08.11"]
[EventType "swiss (blitz)"]
[EventRounds "10"]
[EventCountry "USA"]
[SourceTitle "CBM 197 Extra"]
[Source "ChessBase"]
[SourceDate "2020.09.30"]
[SourceVersion "1"]
[SourceVersionDate "2020.09.30"]
[SourceQuality "1"]

1. e4 c5 2. Nf3 a6 3. Nc3 b5 4. d4 cxd4 5. Nxd4 Bb7 6. Be3 d6 7. Bd3 Nf6 8. f3 Nbd7 9. 0-0 g6 10. Re1 Bg7 11. a4 b4 12. Na2 a5 13. c3 bxc3 14. Nxc3 0-0 15. Qd2 Nc5 16. Bc2 Ba6 17. Rad1 Rb8 18. Nc6 Qb6 19. Nxb8 Rxb8 20. Rb1 Qb4 21. Red1 h5 22. Qf2 Bb7 23. e5 Nfd7 24. exd6 exd6 25. Rxd6 Be5 26. Rdd1 Bc6 27. Nd5 Bxd5 28. Rxd5 Qc4 29. Rbd1 Rxb2 30. R1d2 Bc3 31. Qe2 Qa2 32. Bxc5 Bxd2 33. Qe8+ Kg7 34. Bd4+ Nf6 35. Bxf6+ Kxf6 36. Qe5# 1-0

[Event "Titled Tuesday intern op 4th Aug 10am"]
[Site "Chess.com INT"]
[Date "2020.08.04"]
[Round "8"]
[White "Rekhson, Vladislav"]
[Black "Omariev, Maksim"]
[Result "0-1"]
[WhiteElo "2074"]
[BlackElo "2304"]
[PlyCount "112"]
[EventDate "2020.08.04"]
[EventType "swiss (blitz)"]
[EventRounds "10"]
[EventCountry "USA"]
[SourceTitle "CBM 197 Extra"]
[Source "ChessBase"]
[SourceDate "2020.09.30"]
[SourceVersion "1"]
[SourceVersionDate "2020.09.30"]
[SourceQuality "1"]

1. e4 c5 2. Nf3 d6 3. d4 cxd4 4. Qxd4 a6 5. c4 Nc6 6. Qd2 Nf6 7. Nc3 g6 8. b3 Bg7 9. Bb2 0-0 10. Be2 Bg4 11. 0-0 Rc8 12. h3 Bxf3 13. Bxf3 Nd7 14. Be2 Nc5 15. f4 Ne6 16. Bg4 Rb8 17. Nd5 Bxb2 18. Qxb2 Ned4 19. Rad1 e6 20. Ne3 Qf6 21. Kh1 Qg7 22. Nc2 Nxc2 23. Qxc2 Rfd8 24. f5 Qe5 25. Qd2 exf5 26. exf5 Qg7 27. f6 Qf8 28. Qf4 Ne5 29. Be2 Rbc8 30. b4 Qe8 31. Qh6 Qf8 32. Qf4 Qe8 33. Rfe1 Qf8 34. Bf1 Nc6 35. b5 Ne5 36. bxa6 bxa6 37. Rd4 Rc5 38. Red1 Rdc8 39. Rxd6 Nxc4 40. Qd4 Nxd6 41. Qxd6 Qxd6 42. Rxd6 Rc1 43. Kg1 Ra1 44. Kf2 a5 45. Bc4 h5 46. Bb3 a4 47. Bxa4 Rxa2+ 48. Kg3 Rxa4 49. Kh2 Rc5 50. Rd8+ Kh7 51. Rd7 Rf5 52. Rxf7+ Kh6 53. Rf8 Raf4 54. g4 hxg4 55. hxg4 Rxf6 56. Rh8+ Kg5 0-1